Explorer of the Universe (Record no. 3765)

MARC details
000 -LEADER
fixed length control field 00542nam a2200181Ia 4500
003 - CONTROL NUMBER IDENTIFIER
control field IN-BaIIA
008 - FIXED-LENGTH DATA ELEMENTS--GENERAL INFORMATION
fixed length control field 211028s9999 xx 000 0 eng d
040 ## - CATALOGING SOURCE
Transcribing agency IIA Library
080 ## - UNIVERSAL DECIMAL CLASSIFICATION NUMBER
Universal Decimal Classification number [8]:01:00
Item number WRI
100 ## - MAIN ENTRY--PERSONAL NAME
Personal name Wright, Helen
9 (RLIN) 3031
245 #0 - TITLE STATEMENT
Title Explorer of the Universe
Remainder of title a biography of George Ellery Hale
Statement of responsibility, etc. Helen Wright
260 ## - PUBLICATION, DISTRIBUTION, ETC.
Place of publication, distribution, etc. New York
Name of publisher, distributor, etc. E P Dutton
Date of publication, distribution, etc. 1966
300 ## - PHYSICAL DESCRIPTION
Extent 480p.
490 ## - SERIES STATEMENT
Series statement History of modern physics and astronomy; v. 14
650 ## - SUBJECT ADDED ENTRY--TOPICAL TERM
Topical term or geographic name entry element Biography
9 (RLIN) 1224
650 ## - SUBJECT ADDED ENTRY--TOPICAL TERM
Topical term or geographic name entry element George Ellery Hale-Biography
9 (RLIN) 6695
942 ## - ADDED ENTRY ELEMENTS (KOHA)
Koha item type Books
Holdings
Withdrawn status Lost status Damaged status Not for loan Home library Current library Shelving location Date acquired Cost, normal purchase price Total Checkouts Full call number Barcode Date last seen Cost, replacement price Price effective from Koha item type Purchase Price
        IIA Library-Bangalore IIA Library-Bangalore General Stacks 17/06/1971 84.75   92:52/ WRI 4206 05/11/2021 84.75 17/06/1971 Books Rs. 84.75

Powered by Koha